[Event "Candidates Tournament"]
[Site "Berlin"]
[Date "2018.03.11"]
[Round "2"]
[White "Grischuk, Alexander"]
[Black "So, Wesley"]
[Result "1-0"]
[WhiteElo "2767"]
[BlackElo "2799"]
[Annotator "Marin,M"]
[PlyCount "87"]
[EventDate "2018.03.10"]
[EventType "tourn"]
[EventRounds "14"]
[EventCountry "GER"]
[EventCategory "22"]
[SourceTitle "CBM 184"]
[Source "ChessBase"]
[SourceDate "2018.05.16"]
[SourceVersion "1"]
[SourceVersionDate "2018.05.16"]
[SourceQuality "1"]

1. e4 e5 2. Nf3 Nc6 3. Bb5 a6 4. Ba4 Nf6 5. O-O Be7 6. d3 b5 7. Bb3 d6 8. c3
O-O 9. h3 {Even though generally useful, this move is usually played at a
later stage.} (9. Re1 {and}) (9. Nbd2 {are by far more popular.}) 9... Bb7 ({
Once again not as popular as the alternative} 9... Na5 10. Bc2 c5 {, aiming
for a Chigorin setup.}) 10. Nbd2 Re8 $146 {Strictly speaking a novelty, but
play could have later transposed to familiar paths.} ({Transposing to an old
Breyer tabyia with} 10... Nb8 11. Re1 Nbd7 12. Nf1 Nc5 13. Bc2 Re8) 11. Ng5 Rf8
12. Re1 {Of course, White is not interested in repeating moves so early.} d5 $6
{After the game, Grischuk criticised this move. True, So's initial intention
obviously was playing the Marshall attack, but opening the centre with loss of
time (...d7-d6-d5) is a bit risky.} (12... h6 13. Ngf3 Re8 {would transpose to
known lines, for instance} 14. Nf1 Bf8 15. Ng3 Nb8 16. Nh4 d5 17. exd5 Bxd5 18.
Nhf5 {Kasparov,G (2825)-Svidler,P (2690) Linares 1998 CBM 064 [Hecht,H] (½-½,
64)}) 13. exd5 Nxd5 14. Ndf3 {Grischuk was not entirely satisfied with this
move, as he could not find any favourable tactics after it.} ({With hindsight,
} 14. Nde4 {may be, indeed, more precise, sustaining Grischuk's intuitive
evaluation.} h6 (14... Qd7 {allows} 15. Qh5 {, increasing the pressure on e5,
for instance:} h6 16. Nf3 {One point is that} Nf6 {runs into} 17. Nxe5 $1) 15.
Nf3 Qd7 16. a4 ({This is the most precise move order. If} 16. Ng3 Rad8 17. a4 {
Black can play} b4 {as c3 is hanging.}) 16... Rad8 (16... b4 17. a5 $14) 17.
axb5 axb5 18. Ng3 {with certain pressure in the centre.}) 14... Qd7 15. d4 {
The best practical solution. WHite neutralises Black's space advantage and
takes the weak c5-square under control.} ({The pawn is not edible:} 15. Nxe5
Nxe5 16. Rxe5 f6 $15) 15... exd4 16. cxd4 h6 17. Ne4 Rfe8 $6 {This is the main
reason for Black's ulterior difficulties.} ({He should not have given White
the time to build up his attack by increasing the potential pressure on d4
with:} 17... Rad8 18. Bd2 $6 (18. a4 {is probably better, maintaining the
equality.}) 18... Nf6 $1) 18. Bd2 (18. Qd3 $5 {was an interesting alternative,
mainly directed against Black's freeing ...Nf6.} Ncb4 (18... Nf6 $6 19. Bxh6 $1
) 19. Qb1 Rad8 20. a3 Nc6 21. Qd3 $14 {followed by Bd2 and Bc2.}) 18... Nf6 19.
Rc1 $1 {Taking the weakened c-file under control, which will surprisingly
result in the rook's inclusion in the attack.} ({Grischuk refrained from} 19.
d5 Nxd5 20. Bxh6 gxh6 21. Bxd5 {due to} Rad8 $11 {exchanging queens and
neutralising White's initiative.}) 19... Nxe4 {Obviously a concession,
allowing the radical activation of the white king's rook. But it is not easy
to suggest anything better.} ({Now and in the near future the pawn is not
edible:} 19... Nxd4 $2 20. Bxf7+ $5 Kxf7 21. Ne5+) ({It is too late for Black
to complete his development as} 19... Rad8 {allows} 20. Rxc6 $1 {threatening
Ne5 and if} Nxe4 21. Bxf7+ $18 {due to his inaccuracy on move 17 Black is
short of just one tempo to get coordinated.}) 20. Rxe4 Bf6 21. Rg4 Kh8 {
Parrying Bxh6 (at least temporarily) but weakening f7 and giving away another
tempo.} ({If} 21... h5 22. Rf4 {the pawn is vulnerable to Rc5. After} Rad8 {
Grischuk intended} 23. Ng5 $5 $18) ({Taking the pawn once again fails to solve
Black's problems:} 21... Nxd4 22. Nxd4 Bxd4 23. Bc3 c5 24. Bxd4 cxd4 25. Rxd4
Qe7 ({Actually} 25... Re1+ {is somewhat better, with just a "close to losing"
ending after} 26. Qxe1 Qxd4 27. Rc7 Bd5 28. Rd7 Qe4 29. Qxe4 Bxe4 30. Rxf7 $16)
26. Rd7 Rad8 27. Bxf7+ $1 ({Better than Grischuk's suggestion} 27. Rcc7 $16 {
with a similar ending as above.}) 27... Qxf7 28. Rxd8 $18) 22. Rc5 {Grischuk
confessed he did not calculate anything when playing this move, evaluating the
position in an amusing way: "If there is no win, I could simply quit chess!"
This comment is more instructive than So's complaint that things did not work
out for him tactically. Indeed, all White's pieces are targeting the enemy
king and some of them also control important squares in the defensive area,
making it difficult for Black to get counterplay.} Rad8 23. Qc1 ({White is
confident in the strength of his position and does not hurry with the equally
strong} 23. Bxh6 gxh6 24. Qc1 Bg7 25. Rh5 Qd6 26. Ng5 {Grischuk saw all this,
but thought there might be some incertainty. In fact, White is winning after}
Re7 27. Nxf7+ Rxf7 28. Bxf7 {[%cal Gg4g6] The threat Rg6 is decisive and} Nxd4
{allows} 29. Rxd4 Qxd4 30. Rxh6+ Bxh6 31. Qxh6#) 23... Nxd4 {There is nothing
else to do against the threat Bxh6.} 24. Nxd4 Re4 {A desperate attempt at
using White's apparent lack of cordination and severe time trouble. But as
mentioned before his pieces not only put pressure on Black, but also fulfil
defensive jobs.} ({If} 24... Bxd4 25. Bxh6 {"White already threatens mate with
checks, for instance"} Re2 26. Bxg7+ Bxg7 27. Rh5+ Kg8 28. Rxg7+ Kxg7 29. Qh6+
({Personally I calculated} 29. Qg5+ Kf8 30. Rh8# {MM}) 29... Kg8 30. Qh8# {
(Grischuk).}) 25. Rxc7 Qxd4 26. Be3 ({Grischuk's first intention was} 26. Bc3
Rxg4 27. hxg4 Qe4 28. f3 {but then noticed} Bd4+ {. During the analysis, he
showed} 29. Kh1 $18 {, though. But his move is also winning.}) 26... Rxg4 27.
hxg4 {The attacking b3-bishop safely defends the back rank, an essential
aspect when the rook is far away.} Qe4 28. f3 {White simply wins a piece.} Qb4
29. Rxb7 Bxb2 30. Qf1 f6 31. Qf2 Be5 32. f4 Bd6 33. g5 {Karlovich appreciated
Grischuk's sangfroid when playing this in time trouble. He replied that if
White manages delivering mate, then he might not have to play all the moves
until the control!} Qe4 34. Qf3 Qb1+ 35. Qf1 Qe4 36. Qf3 Qb1+ 37. Kf2 Bb4 38.
Qe2 Qe4 39. Qf3 Qb1 40. Kg3 fxg5 41. Kh2 Qf5 ({Against} 41... Bd6 {Grischuk
had calculated} 42. Rd7 Rxd7 43. Qa8+ Kh7 44. Bg8+ Kg6 45. Qe8+ Kf5 46. Qe6#)
42. Rf7 Qg6 43. fxg5 Bd6+ 44. Kh3 1-0

[Event "Candidates Tournament"]
[Site "Berlin"]
[Date "2018.03.14"]
[Round "4"]
[White "Grischuk, Alexander"]
[Black "Ding, Liren"]
[Result "1/2-1/2"]
[WhiteElo "2767"]
[BlackElo "2769"]
[Annotator "Roiz,M"]
[PlyCount "102"]
[EventDate "2018.03.10"]
[EventType "tourn"]
[EventRounds "14"]
[EventCountry "GER"]
[EventCategory "22"]
[SourceTitle "CBM 184"]
[Source "ChessBase"]
[SourceDate "2018.05.16"]
[SourceVersion "1"]
[SourceVersionDate "2018.05.16"]
[SourceQuality "1"]

1. d4 Nf6 2. c4 e6 {The Chinese grandmaster is considered a great KID player,
but in recent years he switched to the solid openings.} 3. Nf3 d5 4. Nc3 c6 5.
Bg5 h6 6. Bh4 {Alexander opts for the most aggressive continuation, which is
mostly connected with a pawn sacrifice.} dxc4 {Ding Liren accepts the
challenge.} (6... Be7 {is possible, but somewhat passive.}) 7. e4 g5 8. Bg3 b5
9. Be2 Bb7 10. O-O Nbd7 11. Ne5 Bg7 {The most common. The fianchetto makes
Black's setup more solid, since the kingside pawn structure was seriously
exposed by the g7-g5 advance.} (11... h5 12. Nxd7 Qxd7 {is another
well-explored line.}) 12. Nxf7 {Again, the most aggressive!} (12. Nxd7 Nxd7 13.
Bd6 {was extremely popular 10 years ago, but Black usually does well here.})
12... Kxf7 13. e5 Nd5 14. Ne4 Qb6 15. Nd6+ Ke7 16. a4 $5 $146 {As was admitted
by GM Grischuk after the game, this new idea was suggested by AlphaZero. Of
course, this position was deeply explored by Alexander and his team during the
preparation.} (16. Bg4 {is what was almost automatically played before. The
most memorable encounter saw} Raf8 ({Since then Black has managed to find a
convincing way of neutralising White's initiative:} 16... h5 $1 17. Bxh5 Raf8
18. Qg4 Bh6 19. h4 {was seen in Shirov,A - Karjakin,S Foros 2008} {Now the
strong} c5 $1 {would have put White in serious danger. For instance,} 20. hxg5
Bg7 21. g6 N7f6 22. Bh4 Qxd6 $1 23. exd6+ Kd7 {and White is absolutely lost!})
17. Qc2 Qxd4 $2 18. Qg6 Qxg4 19. Qxg7+ Kd8 20. Nxb7+ Kc8 21. a4 {Black was
crushed in Topalov,V - Kramnik,V Wijk aan Zee 2008 CBM 122 [Krasenkow,M]})
16... Raf8 ({In comparison to above-mentioned note, after} 16... a6 $2 17. Bg4
h5 18. Bxh5 Raf8 19. Qg4 Bh6 20. h4 c5 21. axb5 axb5 22. hxg5 Bg7 23. g6 N7f6
24. Bh4 Qxd6 25. exd6+ Kd7 26. Qd1 Nxh5 27. Ra7 {White is just winng due to
the penetration along the a-file.}) ({The typical break} 16... c5 $5 {looks
scary to a human eye, but might be playable:} 17. dxc5 Nxc5 18. axb5 Rhd8 19.
Bxc4 (19. Qc2 Nf4 20. Bxf4 gxf4 21. Rad1 Kf8 22. Qg6 Qc7 23. Bxc4 Bxe5 $13)
19... Nf4 20. Bxf4 gxf4 21. Qh5 Rxd6 22. Qh4+ Kd7 23. exd6 Qxd6 24. Rfd1 Bd4
$13 {The resulting complex position contains danger for both sides.}) 17. Bf3
$1 {A very clever approach - White is going to eliminate the strong Nd5.
Moreover, the subsequent static pawn structure makes it very difficult for
Black to activate his pieces.} a6 18. Bxd5 cxd5 19. axb5 axb5 20. Kh1 $1 {
An important prophylactic move.} (20. f4 $2 {is premature:} gxf4 21. Bh4+ Bf6
$19) 20... Bc6 21. f4 gxf4 $4 ({GM Ding Liren had to play} 21... h5 $1 22. f5 {
The most ambitious.} ({it is also to maintain the tension by means of} 22. Be1
$5 b4 23. Bd2 $13 {but then play would be less forced.}) 22... h4 23. Bf2 h3 $1
{reminding White of his own king.} ({The natural} 23... exf5 $6 {runs into} 24.
Qc2 $1 Kd8 25. Nxf5 Rhg8 26. e6 $40 {with a powerful attack.}) 24. g4 Nxe5 $1
25. Qe2 $1 (25. dxe5 $2 d4+ 26. Kg1 Bxe5 $19) 25... Kd8 26. dxe5 d4+ 27. Kg1
Qc5 28. Bg3 Kc7 $132 {This might lead to an extremely sharp situation, where
both kings are in big danger.}) 22. Rxf4 $4 {Returning the favour!} (22. Bh4+
Bf6 23. Qg4 $1 {would win on the spot:} Qxd4 24. Bxf6+ Rxf6 25. Qg7+ Kd8 26.
exf6 Qxf6 27. Qxf6+ Nxf6 28. Nf7+ Kc7 29. Nxh8 $18 {with a decisive material
advantage. Instead, Alexander's move invites serious troubles.}) 22... Rxf4 23.
Bxf4 Kd8 $2 {The position is extremely sharp, so both players commit lots of
mistakes.} ({A much better move was} 23... Rf8 $1 24. Bg3 Kd8 25. Qg4 b4 26.
Qxg7 Qxd4 $17 {Black's queenside passers put White in big danger.}) 24. Qg4 $6
({Possibly, Alexander rejected the obvious} 24. Nf7+ Kc7 25. Nxh8 Bxh8 26. Bxh6
{in view of} Bxe5 27. dxe5 d4 {and the central passers look threatening.
However, after} 28. Qg1 Qc5 29. Rd1 d3 30. Bf4 $14 {White would be able to
deal with them.}) 24... Rf8 25. Bd2 Kc7 26. h3 $2 ({The correct way was} 26.
Ne8+ $1 Rxe8 27. Ba5 Qxa5 28. Rxa5 Re7 29. Qg3 b4 {In the resulting unbalanced
situation White's chances are not worse.}) 26... b4 $1 27. Qxg7 Qxd4 28. Bxb4
Qxb2 {White has regained the piece, but now Black's king is relatively safe,
whereas the passers are very powerful.} 29. Ba5+ Kb8 30. Rg1 c3 31. Qe7 $6 {
Another inaccuracy.} (31. Qg6 $142 c2 32. Bd2 Qxe5 33. Nf7 Rxf7 34. Qxf7 Qe4 {
Black is better, but the exposed Kb8 offers White excellent drawing chances.})
31... c2 $2 {A consistent, but wrong continuation.} ({A much stronger one was} 
31... Qa3 $1 32. Bc7+ (32. Bxc3 Qxc3 33. Rb1+ Ka7 34. Qxe6 Qxe5 35. Qxh6 Rb8
$19) 32... Ka8 33. Qxe6 c2 34. Qxh6 d4 35. Nf5 Qc3 36. Ba5 Qc4 {and Black's
passers should decide the game.}) 32. Bd2 {The bishop joins the defence in
time.} Qxe5 33. Bxh6 Rg8 $1 {The best practical try} ({Nothing is achieved by} 
33... Qf6 34. Bxf8 Qxf8 35. Qxe6 Qf4 36. Qe7 $1 c1=Q 37. Qd8+ Ka7 38. Qa5+ Kb8
39. Qd8+ $11) 34. Nf7 Qc3 ({Possibly, a better try was} 34... Qf6 $5 35. Qd6+
Kb7 36. Qb4+ Nb6 37. Nd6+ Kc7 38. Qc5 Nc4 39. Nxc4 dxc4 40. Qa5+ Kd7 41. Qa7+
Ke8 42. Qb8+ Qd8 43. Qe5 $15 {even though the vulnerablity of Ke8 hardly
leaves Black real winning chances.}) 35. Qd6+ Kb7 36. Qxe6 d4 37. Nd6+ Kb6 38.
Ne4 $1 {It's important to cover the long diagonal.} (38. Qxg8 $4 Qxh3#) 38...
Nc5 39. Qxg8 Nxe4 40. Kh2 ({Another possibility was} 40. Qb8+ Kc5 41. Rc1 d3
42. Be3+ Kc4 43. Qb6 $11) 40... d3 41. Be3+ Kb5 42. Qb8+ Kc4 43. Qc7 Qf6 44.
Rf1 $1 {The only, but sufficient way.} Qd6+ 45. Qxd6 Nxd6 46. Rf6 $1 {
Alexander correctly eliminates the knight in order to set up a blockade.} Kd5
47. Rxd6+ Kxd6 48. Kg3 $11 Kd5 49. Kf2 Kc4 50. Bd2 Kb3 51. Ke3 Bxg2 1/2-1/2

[Event "Candidates Tournament"]
[Site "Berlin"]
[Date "2018.03.20"]
[Round "9"]
[White "Karjakin, Sergey"]
[Black "Kramnik, Vladimir"]
[Result "1-0"]
[WhiteElo "2763"]
[BlackElo "2800"]
[Annotator "Marin,M"]
[PlyCount "81"]
[EventDate "2018.03.10"]
[EventType "tourn"]
[EventRounds "14"]
[EventCountry "GER"]
[EventCategory "22"]
[SourceTitle "CBM 184"]
[Source "ChessBase"]
[SourceDate "2018.05.16"]
[SourceVersion "1"]
[SourceVersionDate "2018.05.16"]
[SourceQuality "1"]

1. c4 e6 2. Nc3 d5 3. d4 Nf6 4. cxd5 Nxd5 5. e4 Nxc3 6. bxc3 c5 7. Rb1 Be7 8.
Nf3 O-O 9. h4 $5 $146 {According to Karjakin, this move was suggested by one
of his seconds, Riazantsev, during their training before the tournament. It
was not intended specially for Kramnik and he would have used it against
anybody if given the occasion. Confronted with the opening surprise, but not
under immediate threat, Kramnik reacted logically by increasing the pressure
in the centre.} cxd4 10. cxd4 Nc6 ({If} 10... b6 11. h5 h6 {The most
consequent continuation would be} 12. Rh3 ({White does not seem to have the
time to set up the battery along the b1-h7 diagonal:} 12. Bd3 Nc6 13. Be3 Bb7)
12... Bb7 13. Rg3 Kh8 14. Bd3 Nd7 ({Black has to deviate from the most active
way of developing} 14... Nc6 {as after} 15. Qd2 {the threat Rxg7 with a
decisive attack more or less forces the passive and unappealing} Rg8 $14) 15.
e5 {with reasonable attacking chances, while the black knight has no good
squares.}) 11. h5 ({In a game played a few weeks later White deviated with} 11.
Bc4 e5 $6 (11... b6 $5) 12. d5 Na5 13. Be2 Bd6 {Van Wely,L (2663)-Bindrich,F 
(2598) Germany 2018 (½-½, 34)} 14. Bg5 $5 f6 15. Bd2 $14) 11... f5 $6 {
Karjakin did not expect this premature reaction in the centre, at a moment
when Black is incompletely developed and with the threat h5-h6 in the air.} (
11... h6 {looks safer. If} 12. Rh3 {Black could already consider the game plan
as in the meanwhile he had stabilised the kingside at least:} f5 (12... e5 $6 {
allows a promising exchange sacrifice:} 13. d5 Bxh3 14. dxc6 {followed by cxb7
soon.}) 13. exf5 Qa5+ 14. Bd2 Qxf5 15. Rb5 e5 {with excelent counterplay.}) 12.
exf5 $1 {The most principled answer.} (12. e5 b6 {would offer Black chances to
stabilise the centre.}) 12... Qa5+ 13. Bd2 Qxf5 14. Bc3 h6 {It is clear now
that Black's plan was premature. If he has to play this move anyway, it would
have been better to start with it, of course.} ({Against} 14... Qg4 {Karjakin
was planning} 15. Be2 $1 $16 {[%cal Ge1f1] The only move offering an advantage.
WHite plans Kf1 and if} Qxg2 $2 16. Rg1 Qh3 17. d5 $18) (14... b6 {does not
improve Black's development too much:} 15. Bd3 Qf4 16. Qe2 $16 {and the
weakness on e6 causes Black problems.}) (14... Qe4+ 15. Be2 e5 $5 (15... b6 16.
O-O Bb7 17. Re1 $16) 16. O-O exd4 17. Nxd4 Nxd4 18. Qxd4 Qxd4 19. Bxd4 $16 {
The position has simplified but White's advance in development and kingside
space advantage offer White the clearly better play.}) (14... e5 {may still
have been best, even though after} 15. Bc4+ (15. dxe5 Qe4+ 16. Be2 Be6 {
offers Black rapid development and good compensation.}) 15... Kh8 16. h6 $14 {
Black experiences problems along the long diagonal.}) 15. Bd3 Qg4 16. Kf1 e5 {
Not the best moment for this pawn break, but Black's position was difficult
already.} (16... b6 17. Qe2 Bd7 18. Rh3 $16) 17. d5 $1 {The best move,
refuting Black's whole opening play. But things are turning exciting now.} (17.
dxe5 Be6 {once again offers Black reasonable play for the pawn.}) 17... e4 (
17... Nd4 $2 {loses to} 18. Nxe5 Qf4 (18... Qxd1+ 19. Rxd1 {leaves Black
passive, with a pawn less and a hanging knight.}) 19. Bxd4 $18 {Winning a
piece and defending f2.} Qxd4 $6 20. Bh7+ $1) 18. dxc6 exf3 19. gxf3 Rxf3 $6 {
Objectively insufficient but for practical reasons the best chance.} ({If} 
19... Qxf3 20. Qxf3 Rxf3 21. Ke2 Rxd3 22. Kxd3 Bf5+ 23. Ke2 bxc6 (23... Bxb1 $2
24. cxb7 $18) 24. Rb7 Re8 25. Kd1 {Black's weak seventh rank prevents him from
proving compensation for the exchange.}) 20. Be2 {After a basically aggressive
plan, Karjakin starts playing defensively after having won material.} ({
But objectively} 20. cxb7 {could have ended the game quicker, needing just a
bit of accurate calculating:} Bxb7 21. Qb3+ Kh8 22. Qxb7 Raf8 23. Qxe7 Rxf2+
24. Ke1 {[%cal Ge7g7] Due to the threat Qxg7+ returning one of the bishops for
repelling the attack, Black is left without resources.}) 20... Rxf2+ {The only
way of keeping the game on. Black's problem is that he has invested a lot of
material already and his development is incomplete yet. Besides, he has to
waste a tempo on ...bxc6. True, White's king is exposed, but with a rook up he
should manage to protect His Majesty.} ({After} 20... Rh3 $5 {Karjakin
indicated} 21. Rg1 {, the most convincing, but not only winning move.}) 21.
Kxf2 Bc5+ 22. Kf1 Qf4+ 23. Bf3 bxc6 24. Be1 $3 {Paradoxically, this seemingly
passive move, releasing the pressure on g7, is the only winning continuation.
The main idea is to cover the g-file with Bg3.} (24. Rb3 Ba6+ 25. Kg2 Qg5+ 26.
Bg4 Rd8 27. Qf3 Bc4 $11 {with a probable draw by perpetual.}) 24... Be6 {
Karjakin called Kramnik's play in time trouble "creative".} ({The idea behind
White's last move is obvious after} 24... Ba6+ 25. Kg2 Qg5+ 26. Bg3 $18) 25.
Bh4 $5 {[%csl Gd8]} ({Defending d8, as Karjakin was not entirely sure about
the line} 25. Kg2 Qg5+ 26. Bg3 Rd8 27. Qxd8+ Qxd8 28. Rb8 Bc8 29. Bg4 Qg5 30.
Rxc8+ Kh7 {Actually} 31. Be6 {yields White a winning attack with extra
material.}) 25... Rf8 26. Kg2 Kh8 $5 {Another original move, preparing ...Bd5.
But with a rook down the slow mode is not likely to work.} 27. Rc1 (27. Bg3 {
was also strong.} Qg5 {[%cal Gf8f3,Ge6d5]} 28. Re1 $3 ({Karjakin suggested} 28.
Qc1 {but Black saves the day with} Bd5 29. Rf1 Rxf3 30. Rxf3 Bxf3+ 31. Kxf3
Qxh5+ {with a perpetual.}) 28... Bd5 29. Re5 $1 Bxf3+ 30. Qxf3 Qd2+ 31. Qe2 $18
) 27... Rf5 28. Rc3 ({Only not} 28. Bg3 $2 Rg5 $19) 28... Rd5 $5 {Sacrificing
even more material.} ({Karjakin expected} 28... Bd4 29. Rxc6 (29. Rd3 {is
simpler from a practical point of view although somewhat passive.}) 29... Rg5+
30. Bxg5 Qxg5+ 31. Kf1 Bh3+ 32. Ke1 Qg3+ 33. Kd2 Qf4+ 34. Kc2 Bf5+ 35. Kb3 Qe3+
36. Ka4 {and after the king has escaped White can convert his huge material
advantage at his leisure.}) 29. Bxd5 Bxd5+ 30. Rf3 Qg4+ 31. Bg3 Bd6 32. Rh3 $1
{Another only move but an obvious one. White needs to defend g3.} Be7 ({
This can be explained by the fact that a neutral move such as} 32... a5 {
could be answered with} 33. Kh2 $1 {[%cal Gg3d6] leaving the d6-bishop hanging.
}) 33. Qe2 Be4 34. Qf2 a5 35. a4 $5 ({In principle White's plan is based on
recycling his rook via h1, but Karjakin did not want to check the result of
the pawn race after} 35. Rh1 Bc5 36. Rh4 Qxh4 37. Bxh4 Bxf2 38. Kxf2 Bxf3 39.
Kxf3 g6 {(+-) His game move simply gains a tempo for this case.}) 35... c5 36.
Rh1 {The rest is simple.} Bf6 37. Re1 Bc6 38. Ree3 c4 39. Qe2 Qxh5 40. Qxc4 Bd7
41. Rd3 1-0